<?xml version="1.0" encoding="UTF-8"?>
<collection xmlns="http://www.loc.gov/MARC21/slim">
<record>
  <controlfield tag="000">01902cam\a2200397ua\4500</controlfield>
  <controlfield tag="001">75539</controlfield>
  <controlfield tag="005">20251009073748.0</controlfield>
  <controlfield tag="008">860521s1536\\\\it\a\\\\\\\\\\000\0\ita\d</controlfield>
  <datafield tag="035" ind1=" " ind2=" ">
    <subfield code="9">DCFG86-B670</subfield>
  </datafield>
  <datafield tag="040" ind1=" " ind2=" ">
    <subfield code="a">NN</subfield>
    <subfield code="c">NN</subfield>
    <subfield code="d">DFo</subfield>
    <subfield code="d">UtOrBLW</subfield>
  </datafield>
  <datafield tag="090" ind1=" " ind2=" ">
    <subfield code="b">163- 457q</subfield>
    <subfield code="t">6̃50</subfield>
    <subfield code="t">6̃55</subfield>
    <subfield code="i">05/30/86 CZ</subfield>
  </datafield>
  <datafield tag="100" ind1="1" ind2=" ">
    <subfield code="a">Marozzo, Achille,</subfield>
    <subfield code="d">active 16th century,</subfield>
    <subfield code="e">author.</subfield>
  </datafield>
  <datafield tag="240" ind1="1" ind2="0">
    <subfield code="a">Opera nova chiamata duello.</subfield>
    <subfield code="f">1536</subfield>
  </datafield>
  <datafield tag="245" ind1="1" ind2="0">
    <subfield code="a">Opera noua /</subfield>
    <subfield code="c">de Achille Marozzo Bolognese, mastro generale de larte de larmi.</subfield>
  </datafield>
  <datafield tag="246" ind1="3" ind2="3">
    <subfield code="a">Duello, o vero fiore dell'armi</subfield>
  </datafield>
  <datafield tag="246" ind1="3" ind2="3">
    <subfield code="a">Opera nova chiamata duello</subfield>
  </datafield>
  <datafield tag="260" ind1=" " ind2=" ">
    <subfield code="a">Mutinae :</subfield>
    <subfield code="b">In aedibus venerabilis D. Antonii Bergolae Sacerdotis ...,</subfield>
    <subfield code="c">xxiii. Idus [sic] Maii [i.e. 23 May], 1536.</subfield>
  </datafield>
  <datafield tag="300" ind1=" " ind2=" ">
    <subfield code="a">[8], 148 leaves :</subfield>
    <subfield code="b">ill. (woodcuts) ;</subfield>
    <subfield code="c">21 cm (4to)</subfield>
  </datafield>
  <datafield tag="336" ind1=" " ind2=" ">
    <subfield code="a">text</subfield>
    <subfield code="b">txt</subfield>
    <subfield code="2">rdacontent</subfield>
  </datafield>
  <datafield tag="337" ind1=" " ind2=" ">
    <subfield code="a">unmediated</subfield>
    <subfield code="b">n</subfield>
    <subfield code="2">rdamedia</subfield>
  </datafield>
  <datafield tag="340" ind1=" " ind2=" ">
    <subfield code="d">woodcut making</subfield>
    <subfield code="2">rdapm</subfield>
  </datafield>
  <datafield tag="340" ind1=" " ind2=" ">
    <subfield code="m">4to</subfield>
    <subfield code="2">rdabf</subfield>
  </datafield>
  <datafield tag="340" ind1=" " ind2=" ">
    <subfield code="p">illustration</subfield>
    <subfield code="2">rdaill</subfield>
  </datafield>
  <datafield tag="340" ind1=" " ind2=" ">
    <subfield code="p">woodcut</subfield>
  </datafield>
  <datafield tag="500" ind1=" " ind2=" ">
    <subfield code="a">Title on verso of t. p.: Opera noua chiamata duello, o vero fiore dell'armi de singulari abattimēti offensiui, &amp; diffensiui ...</subfield>
  </datafield>
  <datafield tag="500" ind1=" " ind2=" ">
    <subfield code="a">Imprint from colophon.</subfield>
  </datafield>
  <datafield tag="500" ind1=" " ind2=" ">
    <subfield code="a">Signatures: [maltese cross]⁸, A-S⁸, T⁴.</subfield>
  </datafield>
  <datafield tag="500" ind1=" " ind2=" ">
    <subfield code="a">Errata note: leaf [7].</subfield>
  </datafield>
  <datafield tag="510" ind1="4" ind2=" ">
    <subfield code="a">Kelso, R. English gentleman,</subfield>
    <subfield code="c">no. 579</subfield>
  </datafield>
  <datafield tag="510" ind1="4" ind2=" ">
    <subfield code="a">Levi &amp; Gelli. Bibl. del duello,</subfield>
    <subfield code="c">p. 143</subfield>
  </datafield>
  <datafield tag="510" ind1="4" ind2=" ">
    <subfield code="a">Mortimer, R. Italian 16th cent.,</subfield>
    <subfield code="c">no. 287</subfield>
  </datafield>
  <datafield tag="650" ind1=" " ind2="0">
    <subfield code="a">Military art and science</subfield>
    <subfield code="v">Early works to 1800.</subfield>
    <subfield code="0">sh2008107781</subfield>
  </datafield>
  <datafield tag="650" ind1=" " ind2="0">
    <subfield code="a">Fencing</subfield>
    <subfield code="0">sh 85047781</subfield>
    <subfield code="v">Early works to 1800.</subfield>
    <subfield code="0">sh 99001366 </subfield>
  </datafield>
  <datafield tag="650" ind1=" " ind2="0">
    <subfield code="a">Dueling</subfield>
    <subfield code="v">Early works to 1800.</subfield>
    <subfield code="0">sh2009123953</subfield>
  </datafield>
  <datafield tag="655" ind1=" " ind2="7">
    <subfield code="a">Courtesy books.</subfield>
    <subfield code="0">rbgenr00356</subfield>
    <subfield code="2">rbgenr</subfield>
  </datafield>
  <datafield tag="655" ind1=" " ind2="7">
    <subfield code="a">Illustrations (layout features)</subfield>
    <subfield code="0">300015578</subfield>
    <subfield code="2">aat</subfield>
  </datafield>
  <datafield tag="700" ind1="1" ind2=" ">
    <subfield code="a">Bergolli, Antonio,</subfield>
    <subfield code="d">active 1523-1538,</subfield>
    <subfield code="e">printer.</subfield>
  </datafield>
  <datafield tag="752" ind1="1" ind2="0">
    <subfield code="d">Modena.</subfield>
  </datafield>
  <datafield tag="852" ind1="8" ind2=" ">
    <subfield code="a">US-DFo</subfield>
    <subfield code="b">DeckC-Rare</subfield>
    <subfield code="h">163- 457q</subfield>
    <subfield code="7">77572</subfield>
  </datafield>
  <datafield tag="909" ind1="C" ind2="O">
    <subfield code="o">oai:catalog.folger.edu:75539</subfield>
    <subfield code="p">GLOBAL_SET</subfield>
  </datafield>
  <datafield tag="950" ind1=" " ind2=" ">
    <subfield code="l">RARE</subfield>
    <subfield code="i">05/30/86 C</subfield>
  </datafield>
  <datafield tag="980" ind1=" " ind2=" ">
    <subfield code="a">BIB</subfield>
  </datafield>
  <datafield tag="983" ind1=" " ind2=" ">
    <subfield code="a">Vault</subfield>
  </datafield>
  <datafield tag="998" ind1=" " ind2=" ">
    <subfield code="a">05/30/86</subfield>
    <subfield code="t">c</subfield>
    <subfield code="s">9115</subfield>
    <subfield code="n">DFo</subfield>
    <subfield code="w">DCFG86B670</subfield>
    <subfield code="d">05/21/86</subfield>
    <subfield code="c">MCF</subfield>
    <subfield code="b">MCF</subfield>
    <subfield code="l">DCFG</subfield>
  </datafield>
</record>
<record>
  <controlfield tag="000">01679cam\a2200337ua\4500</controlfield>
  <controlfield tag="001">75293</controlfield>
  <controlfield tag="005">20251009073745.0</controlfield>
  <controlfield tag="008">860203s1572\\\\it\e\\\\\\\\\\000\0\ita\d</controlfield>
  <datafield tag="035" ind1=" " ind2=" ">
    <subfield code="9">DCFG86-B175</subfield>
  </datafield>
  <datafield tag="040" ind1=" " ind2=" ">
    <subfield code="a">DFo</subfield>
    <subfield code="c">DFo</subfield>
    <subfield code="d">UtOrBLW</subfield>
  </datafield>
  <datafield tag="090" ind1=" " ind2=" ">
    <subfield code="b">217- 117q</subfield>
    <subfield code="i">02/07/86 CZ</subfield>
  </datafield>
  <datafield tag="100" ind1="1" ind2=" ">
    <subfield code="a">Agocchie, Giovanni dall',</subfield>
    <subfield code="d">active 16th century,</subfield>
    <subfield code="0">n  89665263,</subfield>
    <subfield code="e">author.</subfield>
  </datafield>
  <datafield tag="245" ind1="1" ind2="0">
    <subfield code="a">Dell'arte di scrimia libri tre /</subfield>
    <subfield code="c">di M. Giovanni dall'Agocchie Bolognese ; ne'quali breuemente si tratta dell'arte dello schermire, della giostra, dell'ordinar battaglie ...</subfield>
  </datafield>
  <datafield tag="246" ind1="3" ind2="3">
    <subfield code="a">Arte di scrimia</subfield>
  </datafield>
  <datafield tag="260" ind1=" " ind2=" ">
    <subfield code="a">In Venetia :</subfield>
    <subfield code="b">Appresso Giulio Tamborino,</subfield>
    <subfield code="c">1572.</subfield>
  </datafield>
  <datafield tag="300" ind1=" " ind2=" ">
    <subfield code="a">79, [1] leaves (the last leaf blank) :</subfield>
    <subfield code="b">plan ;</subfield>
    <subfield code="c">21 cm (4to)</subfield>
  </datafield>
  <datafield tag="336" ind1=" " ind2=" ">
    <subfield code="a">text</subfield>
    <subfield code="b">txt</subfield>
    <subfield code="2">rdacontent</subfield>
  </datafield>
  <datafield tag="337" ind1=" " ind2=" ">
    <subfield code="a">unmediated</subfield>
    <subfield code="b">n</subfield>
    <subfield code="2">rdamedia</subfield>
  </datafield>
  <datafield tag="340" ind1=" " ind2=" ">
    <subfield code="m">4to</subfield>
    <subfield code="2">rdabf</subfield>
  </datafield>
  <datafield tag="340" ind1=" " ind2=" ">
    <subfield code="p">plan</subfield>
    <subfield code="2">rdaill</subfield>
  </datafield>
  <datafield tag="500" ind1=" " ind2=" ">
    <subfield code="a">Signatures: A-V⁴.</subfield>
  </datafield>
  <datafield tag="510" ind1="4" ind2=" ">
    <subfield code="a">Kelso, R. English gentleman,</subfield>
    <subfield code="c">7</subfield>
  </datafield>
  <datafield tag="510" ind1="4" ind2=" ">
    <subfield code="a">Thimm, C.A. Fencing and duelling,</subfield>
    <subfield code="c">p. 4</subfield>
  </datafield>
  <datafield tag="650" ind1=" " ind2="0">
    <subfield code="a">Fencing</subfield>
    <subfield code="0">sh 85047781</subfield>
    <subfield code="v">Early works to 1800.</subfield>
    <subfield code="0">sh 99001366 </subfield>
  </datafield>
  <datafield tag="650" ind1=" " ind2="0">
    <subfield code="a">Sports tournaments</subfield>
    <subfield code="0">sh 98007138</subfield>
    <subfield code="v">Early works to 1800.</subfield>
    <subfield code="0">sh 99001366 </subfield>
  </datafield>
  <datafield tag="650" ind1=" " ind2="0">
    <subfield code="a">Military art and science</subfield>
    <subfield code="v">Early works to 1800.</subfield>
    <subfield code="0">sh2008107781</subfield>
  </datafield>
  <datafield tag="650" ind1=" " ind2="0">
    <subfield code="a">Tournaments, Medieval</subfield>
    <subfield code="0">sh 98007139</subfield>
    <subfield code="v">Early works to 1800.</subfield>
    <subfield code="0">sh 99001366 </subfield>
  </datafield>
  <datafield tag="655" ind1=" " ind2="7">
    <subfield code="a">Courtesy books.</subfield>
    <subfield code="0">rbgenr00356</subfield>
    <subfield code="2">rbgenr</subfield>
  </datafield>
  <datafield tag="700" ind1="1" ind2=" ">
    <subfield code="a">Tamborino, Giulio,</subfield>
    <subfield code="d">active 1569-1572,</subfield>
    <subfield code="e">printer.</subfield>
  </datafield>
  <datafield tag="752" ind1=" " ind2=" ">
    <subfield code="a">Italy</subfield>
    <subfield code="d">Venice.</subfield>
  </datafield>
  <datafield tag="852" ind1="8" ind2=" ">
    <subfield code="a">US-DFo</subfield>
    <subfield code="b">DeckC-Rare</subfield>
    <subfield code="h">217- 117q</subfield>
    <subfield code="7">77326</subfield>
    <subfield code="z">Folger copy: leaf V4 forms paste-down on lower cover.</subfield>
  </datafield>
  <datafield tag="909" ind1="C" ind2="O">
    <subfield code="o">oai:catalog.folger.edu:75293</subfield>
    <subfield code="p">GLOBAL_SET</subfield>
  </datafield>
  <datafield tag="950" ind1=" " ind2=" ">
    <subfield code="l">RARE</subfield>
    <subfield code="i">02/07/86 C</subfield>
  </datafield>
  <datafield tag="980" ind1=" " ind2=" ">
    <subfield code="a">BIB</subfield>
  </datafield>
  <datafield tag="983" ind1=" " ind2=" ">
    <subfield code="a">Vault</subfield>
  </datafield>
  <datafield tag="998" ind1=" " ind2=" ">
    <subfield code="a">02/07/86</subfield>
    <subfield code="t">c</subfield>
    <subfield code="s">9114</subfield>
    <subfield code="n">DFo</subfield>
    <subfield code="w">DCFG86B175</subfield>
    <subfield code="d">02/03/86</subfield>
    <subfield code="c">HFR</subfield>
    <subfield code="b">HFR</subfield>
    <subfield code="l">DCFG</subfield>
  </datafield>
</record>
<record>
  <controlfield tag="000">00963camaa2200193Mu\4500</controlfield>
  <controlfield tag="001">374383</controlfield>
  <controlfield tag="005">20251024220730.0</controlfield>
  <controlfield tag="008">191114s1606\\\\dk\\\\\\\\\\\\\\\\0\ita\\</controlfield>
  <datafield tag="035" ind1=" " ind2=" ">
    <subfield code="a">(DFoSc2019)</subfield>
  </datafield>
  <datafield tag="035" ind1=" " ind2=" ">
    <subfield code="a">0000003486</subfield>
  </datafield>
  <datafield tag="035" ind1=" " ind2=" ">
    <subfield code="a">374383</subfield>
  </datafield>
  <datafield tag="040" ind1=" " ind2=" ">
    <subfield code="d">UtOrBLW</subfield>
  </datafield>
  <datafield tag="100" ind1="1" ind2=" ">
    <subfield code="a">Fabris, Salvator,</subfield>
    <subfield code="d">1544-1617,</subfield>
    <subfield code="e">author.</subfield>
  </datafield>
  <datafield tag="245" ind1="1" ind2="0">
    <subfield code="a">De lo schermo o'vero Scienza d'arme...</subfield>
  </datafield>
  <datafield tag="260" ind1=" " ind2=" ">
    <subfield code="a">Copenhaven :</subfield>
    <subfield code="b">Henrico Waltkirch,</subfield>
    <subfield code="c">1606.</subfield>
  </datafield>
  <datafield tag="300" ind1=" " ind2=" ">
    <subfield code="a">[6] 256 [2] p. A-Y6 (plates on K6v, Q2 and Q5 are covered by slip cancels) :</subfield>
    <subfield code="b">Fo. illus.</subfield>
  </datafield>
  <datafield tag="336" ind1=" " ind2=" ">
    <subfield code="a">text</subfield>
    <subfield code="b">txt</subfield>
    <subfield code="2">rdacontent</subfield>
  </datafield>
  <datafield tag="337" ind1=" " ind2=" ">
    <subfield code="a">unmediated</subfield>
    <subfield code="b">n</subfield>
    <subfield code="2">rdamedia</subfield>
  </datafield>
  <datafield tag="340" ind1=" " ind2=" ">
    <subfield code="p">illustration</subfield>
    <subfield code="2">rdaill</subfield>
  </datafield>
  <datafield tag="500" ind1=" " ind2=" ">
    <subfield code="a">British Museum copy has a second title-page which reads: Sienza [!] e pratica d'arme... divisa in dui libri...Part of the plates was engraved by Jan van Halbeeck.</subfield>
  </datafield>
  <datafield tag="500" ind1=" " ind2=" ">
    <subfield code="a">This record was copied from an OLD CATALOG CARD (which is better than nothing!). The original card catalog is available in the Reading Room. Please email catalog@folger.edu for assistance. </subfield>
    <subfield code="5">DFo</subfield>
  </datafield>
  <datafield tag="852" ind1="0" ind2=" ">
    <subfield code="a">US-DFo</subfield>
    <subfield code="b">DeckC-Rare</subfield>
    <subfield code="h">U860</subfield>
    <subfield code="i">.F3 1606 Cage</subfield>
    <subfield code="j">182454</subfield>
    <subfield code="x">nk</subfield>
    <subfield code="7">522523</subfield>
  </datafield>
  <datafield tag="909" ind1="C" ind2="O">
    <subfield code="o">oai:catalog.folger.edu:374383</subfield>
    <subfield code="p">GLOBAL_SET</subfield>
  </datafield>
  <datafield tag="920" ind1=" " ind2=" ">
    <subfield code="a">MC-EV00-00000308A.jpg - filename of scanned catalog card represented by this record </subfield>
  </datafield>
  <datafield tag="980" ind1=" " ind2=" ">
    <subfield code="a">BIB</subfield>
  </datafield>
  <datafield tag="983" ind1=" " ind2=" ">
    <subfield code="a">Vault</subfield>
  </datafield>
</record>
<record>
  <controlfield tag="000">01887cam\a2200361ua\4500</controlfield>
  <controlfield tag="001">75537</controlfield>
  <controlfield tag="005">20251009073748.0</controlfield>
  <controlfield tag="008">860520s1628\\\\it\ac\\\\\\\\\000\0\ita\d</controlfield>
  <datafield tag="035" ind1=" " ind2=" ">
    <subfield code="9">DCFG86-B664</subfield>
  </datafield>
  <datafield tag="040" ind1=" " ind2=" ">
    <subfield code="a">DFo</subfield>
    <subfield code="c">DFo</subfield>
    <subfield code="d">UtOrBLW</subfield>
  </datafield>
  <datafield tag="090" ind1=" " ind2=" ">
    <subfield code="b">185- 909q</subfield>
    <subfield code="i">06/04/86 CZ</subfield>
  </datafield>
  <datafield tag="100" ind1="1" ind2=" ">
    <subfield code="a">Giganti, Nicoletto,</subfield>
    <subfield code="d">active 17th century,</subfield>
    <subfield code="0">n  90605585,</subfield>
    <subfield code="e">author.</subfield>
  </datafield>
  <datafield tag="245" ind1="1" ind2="0">
    <subfield code="a">Scola, ouero, Teatro :</subfield>
    <subfield code="b">nelquale sono rappresentate diuerse maniere, e modi di parare, e di ferire di spada sola, e di spada, e pugnale : doue ogni studioso potrà essercitarsi, &amp; farsi prattico nella professione dell'armi /</subfield>
    <subfield code="c">di Nicoletto Giganti Vinitiano.</subfield>
  </datafield>
  <datafield tag="246" ind1="3" ind2="3">
    <subfield code="a">Teatro</subfield>
  </datafield>
  <datafield tag="260" ind1=" " ind2=" ">
    <subfield code="a">In Padoua :</subfield>
    <subfield code="b">Appresso Paolo Frambotto,</subfield>
    <subfield code="c">1628.</subfield>
  </datafield>
  <datafield tag="300" ind1=" " ind2=" ">
    <subfield code="a">[16], 95, [1] p. :</subfield>
    <subfield code="b">ill., port. (engravings) ;</subfield>
    <subfield code="c">18 x 24 cm (obl. 4to)</subfield>
  </datafield>
  <datafield tag="336" ind1=" " ind2=" ">
    <subfield code="a">text</subfield>
    <subfield code="b">txt</subfield>
    <subfield code="2">rdacontent</subfield>
  </datafield>
  <datafield tag="337" ind1=" " ind2=" ">
    <subfield code="a">unmediated</subfield>
    <subfield code="b">n</subfield>
    <subfield code="2">rdamedia</subfield>
  </datafield>
  <datafield tag="340" ind1=" " ind2=" ">
    <subfield code="d">engraving</subfield>
    <subfield code="2">rdapm</subfield>
  </datafield>
  <datafield tag="340" ind1=" " ind2=" ">
    <subfield code="m">4to</subfield>
    <subfield code="2">rdabf</subfield>
  </datafield>
  <datafield tag="340" ind1=" " ind2=" ">
    <subfield code="p">illustration</subfield>
    <subfield code="p">portrait</subfield>
    <subfield code="2">rdaill</subfield>
  </datafield>
  <datafield tag="340" ind1=" " ind2=" ">
    <subfield code="p">egraving</subfield>
  </datafield>
  <datafield tag="500" ind1=" " ind2=" ">
    <subfield code="a">Engravings by Odoardo Fialetti.</subfield>
  </datafield>
  <datafield tag="500" ind1=" " ind2=" ">
    <subfield code="a">Signatures: a-b⁴, A-M⁴ (A1 unsigned; B1 unsigned).</subfield>
  </datafield>
  <datafield tag="510" ind1="4" ind2=" ">
    <subfield code="a">Kelso, R. English gentleman,</subfield>
    <subfield code="c">407</subfield>
  </datafield>
  <datafield tag="510" ind1="4" ind2=" ">
    <subfield code="a">Thimm, C.A. Fencing and duelling,</subfield>
    <subfield code="c">p. 116</subfield>
  </datafield>
  <datafield tag="650" ind1=" " ind2="0">
    <subfield code="a">Fencing.</subfield>
    <subfield code="0">sh 85047781 </subfield>
  </datafield>
  <datafield tag="655" ind1=" " ind2="7">
    <subfield code="a">Courtesy books.</subfield>
    <subfield code="0">rbgenr00356</subfield>
    <subfield code="2">rbgenr</subfield>
  </datafield>
  <datafield tag="655" ind1=" " ind2="7">
    <subfield code="a">Illustrations (layout features)</subfield>
    <subfield code="0">300015578</subfield>
    <subfield code="2">aat</subfield>
  </datafield>
  <datafield tag="700" ind1="1" ind2=" ">
    <subfield code="a">Fialetti, Odoardo,</subfield>
    <subfield code="d">1573-1638.</subfield>
    <subfield code="0">n  85029891 </subfield>
  </datafield>
  <datafield tag="700" ind1="1" ind2=" ">
    <subfield code="a">Boerner, Johann Andreas,</subfield>
    <subfield code="d">1785-1862,</subfield>
    <subfield code="e">former owner.</subfield>
    <subfield code="5">DFo</subfield>
  </datafield>
  <datafield tag="700" ind1="1" ind2=" ">
    <subfield code="a">Frambotto, Paolo,</subfield>
    <subfield code="d">active 1628,</subfield>
    <subfield code="e">printer.</subfield>
  </datafield>
  <datafield tag="752" ind1=" " ind2=" ">
    <subfield code="a">Italy</subfield>
    <subfield code="d">Padua.</subfield>
    <subfield code="2">naf</subfield>
  </datafield>
  <datafield tag="852" ind1="8" ind2=" ">
    <subfield code="a">US-DFo</subfield>
    <subfield code="b">DeckC-Rare</subfield>
    <subfield code="h">185- 909q</subfield>
    <subfield code="7">77570</subfield>
    <subfield code="z">Johann Andreas Boerner copy.</subfield>
    <subfield code="z">Folger copy bound as an upright 4to, with some leaves in incorrect order: C3 follows D1; D1 follows D2; K3 follows K4; B1, B2, D1 and D2 bound in reverse (verso, recto).</subfield>
  </datafield>
  <datafield tag="909" ind1="C" ind2="O">
    <subfield code="o">oai:catalog.folger.edu:75537</subfield>
    <subfield code="p">GLOBAL_SET</subfield>
  </datafield>
  <datafield tag="950" ind1=" " ind2=" ">
    <subfield code="l">RARE</subfield>
    <subfield code="i">06/04/86 C</subfield>
  </datafield>
  <datafield tag="980" ind1=" " ind2=" ">
    <subfield code="a">BIB</subfield>
  </datafield>
  <datafield tag="983" ind1=" " ind2=" ">
    <subfield code="a">Vault</subfield>
  </datafield>
  <datafield tag="998" ind1=" " ind2=" ">
    <subfield code="a">06/04/86</subfield>
    <subfield code="t">c</subfield>
    <subfield code="s">9114</subfield>
    <subfield code="n">DFo</subfield>
    <subfield code="w">DCFG86B664</subfield>
    <subfield code="d">05/20/86</subfield>
    <subfield code="c">HFR</subfield>
    <subfield code="b">HFR</subfield>
    <subfield code="l">DCFG</subfield>
  </datafield>
</record>
<record>
  <controlfield tag="000">00951camaa2200193Mu\4500</controlfield>
  <controlfield tag="001">372792</controlfield>
  <controlfield tag="005">20251024220553.0</controlfield>
  <controlfield tag="008">191114s1601\\\\it\\\\\\\\\\\\\\\\0\ita\\</controlfield>
  <datafield tag="035" ind1=" " ind2=" ">
    <subfield code="a">(DFoSc2019)</subfield>
  </datafield>
  <datafield tag="035" ind1=" " ind2=" ">
    <subfield code="a">0000001742</subfield>
  </datafield>
  <datafield tag="035" ind1=" " ind2=" ">
    <subfield code="a">372792</subfield>
  </datafield>
  <datafield tag="040" ind1=" " ind2=" ">
    <subfield code="d">UtOrBLW</subfield>
  </datafield>
  <datafield tag="100" ind1="1" ind2=" ">
    <subfield code="a">Docciolini, Marco,</subfield>
    <subfield code="e">author.</subfield>
  </datafield>
  <datafield tag="245" ind1="1" ind2="0">
    <subfield code="a">Trattato in materia di schema... Nel quale si contiene it modo, e regola d'adoperar la spada così sola, come accompagnata.</subfield>
  </datafield>
  <datafield tag="260" ind1=" " ind2=" ">
    <subfield code="a">In Firenze :</subfield>
    <subfield code="b">Nella stamperia di Michelagnolo Sermartelli,</subfield>
    <subfield code="c">1601.</subfield>
    <subfield code="f">... Appresso Michelagnolo Sermartelli ...</subfield>
  </datafield>
  <datafield tag="300" ind1=" " ind2=" ">
    <subfield code="a">115 [1] p. A-N4, O6. ;</subfield>
    <subfield code="c">4to. diagr.</subfield>
  </datafield>
  <datafield tag="336" ind1=" " ind2=" ">
    <subfield code="a">text</subfield>
    <subfield code="b">txt</subfield>
    <subfield code="2">rdacontent</subfield>
  </datafield>
  <datafield tag="337" ind1=" " ind2=" ">
    <subfield code="a">unmediated</subfield>
    <subfield code="b">n</subfield>
    <subfield code="2">rdamedia</subfield>
  </datafield>
  <datafield tag="340" ind1=" " ind2=" ">
    <subfield code="m">4to</subfield>
    <subfield code="2">rdabf</subfield>
  </datafield>
  <datafield tag="500" ind1=" " ind2=" ">
    <subfield code="a">Liechtenstein library copy.Kelso, R. English gentleman, 282.</subfield>
  </datafield>
  <datafield tag="500" ind1=" " ind2=" ">
    <subfield code="a">This record was copied from an OLD CATALOG CARD (which is better than nothing!). The original card catalog is available in the Reading Room. Please email catalog@folger.edu for assistance. </subfield>
    <subfield code="5">DFo</subfield>
  </datafield>
  <datafield tag="752" ind1=" " ind2=" ">
    <subfield code="a">Italy.</subfield>
    <subfield code="2">naf</subfield>
  </datafield>
  <datafield tag="852" ind1="0" ind2=" ">
    <subfield code="a">US-DFo</subfield>
    <subfield code="b">DeckC-Rare</subfield>
    <subfield code="h">U860</subfield>
    <subfield code="i">.D6 1601 Cage</subfield>
    <subfield code="j">186224</subfield>
    <subfield code="x">nk</subfield>
    <subfield code="7">520932</subfield>
  </datafield>
  <datafield tag="909" ind1="C" ind2="O">
    <subfield code="o">oai:catalog.folger.edu:372792</subfield>
    <subfield code="p">GLOBAL_SET</subfield>
  </datafield>
  <datafield tag="920" ind1=" " ind2=" ">
    <subfield code="a">MC-DIG0-00000353A.jpg - filename of scanned catalog card represented by this record </subfield>
  </datafield>
  <datafield tag="980" ind1=" " ind2=" ">
    <subfield code="a">BIB</subfield>
  </datafield>
  <datafield tag="983" ind1=" " ind2=" ">
    <subfield code="a">Vault</subfield>
  </datafield>
</record>

</collection>